000 00279nam a22001217a 4500
008 170614b xxu||||| |||| 00| 0 eng d
041 _aeng
080 _a327
100 _a19
101 _aSHP
245 _aTHE AMERICAN FOREIGN POLICY LIBRARY
_cBRINTON.C
942 _2udc
_cBK
999 _c17412
_d17412